I can't make this up : Life lessons

Bibliographic Details
Main Author: Hart, Kevin
Other Authors: Strauss, Neil
Format: Book
Published: London : Simon & Schuster UK Ltd. : 2017
Subjects:

MARC

LEADER 00000cam a2200000 7i4500
001 0000231039
005 20190319.0
020 |a 9781471174001 
090 0 0 |a 792.7028092   |b HAR 
100 1 |a Hart, Kevin 
245 1 0 |a I can't make this up :   |b Life lessons   |c Kevin Hart and Neil Strauss 
260 |a London :   |b Simon & Schuster UK Ltd. :   |b 2017 
300 |a 378p ;   |c 20cm. 
600 1 0 |a Hart, Kevin ,   |d 1979- 
650 0 |a African American Comedians   |v Biography 
650 0 |a African American   |x Motion picture actors and actresses 
700 1 |a Strauss, Neil 
999 |a 00365910   |b BUKU   |c PINJAMAN   |e PERPUSTAKAAN KOMUNITI PETALING JAYA